Parcours politique - Nicolas Sarkozy - Statistiques

Statistiques générales
  • Ce quiz a été pris 111 fois
  • Le résultat moyen est 12 sur 16
Statistiques - réponses
Réponses % Correct
Parcours partisan Président LR 2015-2016
96%
Mandats locaux Conseiller municipal Neuilly-sur-Seine 1977-2007
95%
Autre Président de la République France 2007-2012
94%
Mandats ministériels Raffarin IRaffarin II Intérieur 2002-2004
93%
Mandats ministériels Villepin Intérieur 2005-2007
93%
Parcours partisan Président UMP 2004-20072014-2015
93%
Autre Coprince Andorre 2007-2012
86%
Mandats locaux Conseiller régional Ile-de-France 1983-1988
85%
Parcours partisan Secrétaire national RPR 19881989
82%
Autre Membre de droit Conseil constitutionnel 2012-
77%
Mandats ministériels Raffarin III EconomieFinance Industrie 2004
76%
Mandats locaux Conseiller général Hauts-de-Seine 1985-19882004-2007
76%
Mandats législatifs Député Hauts-de-Seine 1988-19931995-1997 1997-2002 2002 2005
76%
Mandats ministériels Balladur Budget 1993-1995
46%
Mandats législatifs Député européen Union européenne 1999
33%
Mandats ministériels Balladur Communication 1994-1995
5%
Aucun quiz correspondant
Distribution des résultats
% des personnes avec chaque résultat
Percentile par nombre de réponses
Votre historique - résultats
Vous n’avez pas pris ce quiz